00557nam a22001937a 450000500170000001000140001702000260003103500130005703700130007008200140008310000260009724500470012326000280017027000530019830000210025150000500027265000200032265000210034220100805112650.0 aENG-98301 a9788189012819c525.00 aEN-81834 bDBAD/PUB a910.91732 aDoniwal, Hemant Kumar aUrban geography /cby Hemant Kumar Doniwal aNew DelhibGnosisc2009 aE-35/103 Jawahar Park Laxmi NagarbDelhie110092 ax,211pc22cm(Hb) aIncludes bibliographical references and index aUrban Geography aCities and towns